| 000 | 00000nam##2200000za#4500 |
| 001 | 9.523835 |
| 003 | CaOODSP |
| 005 | 20200327093217 |
| 007 | ta |
| 008 | 150406|1994||||xxc||||| f|0| 0 fre|d |
| 020 | |a0-662-61037-7 |
| 040 | |aCaOODSP|bfre |
| 041 | |aeng |
| 041 | |afre |
| 043 | |an-cn--- |
| 086 | 1 |aSC94-57/1994 |
| 110 | 1 |aCanada.|bCentre canadien de gestion. |
| 245 | 10|aLes valeurs dans la fonction publique |
| 260 | |aOttawa - Ontario : |bCentre canadien de gestion |c1994. |
| 300 | |aTexte français, ii, 49p. ; |c23 cm. |
| 490 | 1 |aExplorations|vExplorations N° 1 |
| 500 | |aSommaire: Les valeurs de la fonction publique: comment naviguer entre les écueils.--Le défi du nouvel ordre administratif: la responsabilisation postmoderne.--L'éthique: est-ce un îlot de stabilité dans un monde en perpétuelle évolution?--Notes biographiques. |
| 546 | |aBilingue |
| 563 | |aCouverture souple |
| 590 | |a94-27|b1994-07-08 |
| 691 | 07|aGestion|2gcpds |
| 691 | 07|aFonction publique|2gcpds |
| 776 | 0#|tThe Dewar series - perspectives on public management : |w(CaOODSP)9.573346 |
| 776 | 0#|tLa série Dewar - perspectives sur la gestion publique : |w(CaOODSP)9.603527 |
| 791 | |tValues in the Public Service|eeng|w(CaOODSP)9.523834 |
| 830 | #0|aExplorations ;|vExplorations N° 1|w(CaOODSP)9.509633 |